000 00352nam a2200145Ia 4500
008 260417s2024 xx 000 0 und d
041 _aeng
082 _a615.321/BHI
_bDI-1405
100 _aDR.S.B.BHISE
245 _aPHARMACOGNOSY
250 _a4TH ed
260 _aPUNE
_b2024
_bNIRALI PRAKASHN
300 _aP.B/12.21p
650 _aPHARMACOGNOSY
999 _c1220716
_d1220716